00987nab a22002177a 450000500170000000800410001704000250005804100080008304400070009110000300009824500910012826000630021930000480028250400590033052001870038965000180057665000350059465100130062977301010064285600260074320180803170137.0150715b ck |||||r|||| 00| 0spa d aCO-BoIAVHcCO-BoIAVH0 aspa ack1 aArchila Montañez, Sonia1 aApuntes sobre la investigación arqueológica en Colombia/cSonia Archila Montañez3 aBogotá (Colombia):bBiblioteca Luis Angel Arango,c2011. aAño 2011, Nro 79-80, Octubre, Pags. 3-41. aIncluye referencias bibliográficas (Páginas 25-41) aUn rasgo muy sobresaliente de la producción arqueológica en Colombia entre 2000 y 2010 ha sido una tendencia a la autocrítica y reflexividad por parte de varios investigadores. 4aArqueología 4aArqueologíaxInvestigación 4aColombia0 dBogotá Biblioteca Luis Angel Arango. 2013 -o039120tBoletín cultural y bibliográfico BLAA uhttp://bit.ly/1TCtMWk